000
00298 a2200145 4500
001
169181
020
_a
040
_c
Magnum
100
_a
Pennink, Betsy
240
1
0
_a
This is new york
_l
ING
245
1
0
_a
This is new york
362
0
_a
1899
697
_a
LITERATURA ESTRANGEIRA
942
_c
BK
999
_c
169181
_d
169181